[Event "HEM B-Turnier 2017"]
[Site "Marburg"]
[Date "2017.??.??"]
[Round "5.2"]
[White "Pleyer, Christian"]
[Black "Ullmann, Ralf"]
[Result "1/2-1/2"]
[WhiteElo "1733"]
[BlackElo "1906"]
[PlyCount "90"]
[EventDate "2017.??.??"]

1. d4 g6 2. e4 Bg7 3. Nf3 c5 4. c3 cxd4 5. cxd4 Nf6 6. Nc3 O-O 7. Be2 d6 8. O-O
Nc6 9. d5 Nb8 10. h3 Nbd7 11. Be3 Qa5 12. Nd4 a6 13. Qd2 Re8 14. a3 Qd8 15. b4
e6 16. dxe6 fxe6 17. Bc4 Nb6 18. Bb3 d5 19. f3 Nc4 20. Bxc4 dxc4 21. Qc2 b5 22.
Rfd1 Qc7 23. Nde2 Bb7 24. Bf4 Qb6+ 25. Kh1 Rad8 26. Bh2 Nd7 27. Bg1 Qc7 28. a4
Bc6 29. axb5 Bxb5 30. Nxb5 axb5 31. Ra7 Qc8 32. Nc3 Ne5 33. Rxd8 Rxd8 34. Nxb5
Qb8 35. Nc7 Nc6 36. Qxc4 Nxa7 37. Nxe6 Rc8 38. Qb3 Kh8 39. Qd5 Rc1 40. Qd7 Bf8
41. Qf7 Bh6 42. g4 Qg8 43. Qf6+ Bg7 44. Nxg7 Qxg7 45. Qd8+ Qg8 1/2-1/2

[Event "HEM B-Turnier 2017"]
[Site "Marburg"]
[Date "2017.??.??"]
[Round "5.3"]
[White "Schneider, Udo"]
[Black "John, Volkmar"]
[Result "0-1"]
[WhiteElo "1749"]
[BlackElo "1818"]
[PlyCount "40"]
[EventDate "2017.??.??"]

1. d4 d5 2. c4 e6 3. Nf3 Nf6 4. a3 Be7 5. Nc3 O-O 6. e3 b6 7. cxd5 exd5 8. Bd3
Be6 9. Ne5 c5 10. O-O a6 11. f4 Qc8 12. Qf3 cxd4 13. exd4 Nc6 14. Be3 Ng4 15.
Nxg4 Bxg4 16. Qxd5 Rd8 17. Qe4 f5 18. Bc4+ Kh8 19. Qd3 Nxd4 20. Bxd4 Rxd4 0-1

[Event "HEM B-Turnier 2017"]
[Site "Marburg"]
[Date "2017.??.??"]
[Round "5.4"]
[White "Blaschke, Henri Johannes"]
[Black "Varma, Christopher"]
[Result "1/2-1/2"]
[WhiteElo "1777"]
[BlackElo "1807"]
[PlyCount "36"]
[EventDate "2017.??.??"]

1. d4 Nf6 2. Nf3 g6 3. c4 Bg7 4. Nc3 O-O 5. Bf4 d6 6. e3 Nbd7 7. Be2 b6 8. h3
Bb7 9. Qc2 Qe8 10. Bh2 a6 11. O-O e5 12. Rfe1 Qe7 13. Rad1 Rfe8 14. dxe5 Nxe5
15. Nxe5 dxe5 16. Rd2 Red8 17. Red1 Ne8 18. Nd5 Qe6 1/2-1/2

[Event "HEM B-Turnier 2017"]
[Site "Marburg"]
[Date "2017.??.??"]
[Round "5.5"]
[White "Weber, Guenter"]
[Black "Weber, Simon"]
[Result "0-1"]
[WhiteElo "1777"]
[BlackElo "1853"]
[PlyCount "102"]
[EventDate "2017.??.??"]

1. d4 f5 2. c4 e6 3. Nc3 Nf6 4. Nf3 c6 5. Bg5 d5 6. e3 Bd6 7. Qa4 O-O 8. Ne5
Qc7 9. Bxf6 Rxf6 10. f4 Qe7 11. c5 Bc7 12. b4 Bxe5 13. fxe5 Rf7 14. g3 Bd7 15.
Bd3 g5 16. Ne2 Be8 17. Kd2 Nd7 18. Raf1 Nf8 19. Rf2 a6 20. Nc3 Rd8 21. Qc2 Bd7
22. Be2 Ng6 23. Bh5 Rdf8 24. Bxg6 hxg6 25. Ne2 Rh7 26. Qb1 Kf7 27. a4 Rb8 28.
Nc3 b6 29. Qc2 Qd8 30. e4 Kg7 31. exd5 exd5 32. Rb1 f4 33. Qd1 Bf5 34. Rb3 bxc5
35. bxc5 Rh8 36. Kc1 Qa5 37. Kb2 Rb4 38. Rxb4 Qxb4+ 39. Qb3 Qxd4 40. Qb7+ Kh6
41. Rf3 Be4 42. gxf4 Bxf3 43. fxg5+ Kh5 44. Qc7 Qb4+ 45. Kc2 Be4+ 46. Nxe4
Qxe4+ 47. Kd2 Qf4+ 48. Kd3 Re8 49. Qh7+ Kxg5 50. h4+ Qxh4 51. Qg7 Qg3+ 0-1

[Event "HEM B-Turnier 2017"]
[Site "Marburg"]
[Date "2017.??.??"]
[Round "5.6"]
[White "Zalewski, Ulrich"]
[Black "Bastian, Ben"]
[Result "1-0"]
[WhiteElo "1815"]
[BlackElo "1674"]
[PlyCount "53"]
[EventDate "2017.??.??"]

1. e4 e5 2. Nf3 Nc6 3. Bb5 a6 4. Ba4 Nf6 5. O-O d6 6. Re1 b5 7. Bb3 Bg4 8. c3
Be7 9. d4 exd4 10. cxd4 Bxf3 11. gxf3 O-O 12. Nc3 Nd7 13. Bd5 Ndb8 14. Kh1 Bg5
15. f4 Bh4 16. Be3 Qe8 17. Qg4 Bf6 18. e5 dxe5 19. fxe5 Bxe5 20. dxe5 Nxe5 21.
Qg3 c6 22. Bh6 Ng6 23. Rxe8 Rxe8 24. Be3 cxd5 25. Nxd5 Ne7 26. Nc7 Nf5 27. Qf3
1-0

[Event "HEM B-Turnier 2017"]
[Site "Marburg"]
[Date "2017.??.??"]
[Round "5.7"]
[White "Wagner, Thomas"]
[Black "Pade, Joachim"]
[Result "0-1"]
[WhiteElo "1891"]
[BlackElo "1628"]
[PlyCount "58"]
[EventDate "2017.??.??"]

1. Nf3 e6 2. c4 f5 3. g3 Nf6 4. Bg2 Be7 5. O-O O-O 6. Nc3 d6 7. d4 Ne4 8. Qc2
Nxc3 9. bxc3 Bf6 10. Ba3 Rf7 11. Rfd1 g5 12. Rab1 g4 13. Nd2 Nc6 14. d5 Ne5 15.
dxe6 Bxe6 16. Rxb7 Rc8 17. c5 d5 18. Rxa7 Rg7 19. c4 d4 20. Nb3 d3 21. exd3
Nf3+ 22. Bxf3 gxf3 23. Nd2 f4 24. Nxf3 fxg3 25. fxg3 Bg4 26. Rf1 Bh3 27. Rf2
Rf7 28. Rb7 Bd4 29. Nxd4 Qxd4 0-1

[Event "HEM B-Turnier 2017"]
[Site "Marburg"]
[Date "2017.??.??"]
[Round "5.8"]
[White "Hafensteiner, Tim"]
[Black "Robinson, Jack"]
[Result "1-0"]
[WhiteElo "1822"]
[BlackElo "1638"]
[PlyCount "143"]
[EventDate "2017.??.??"]

1. e4 c5 2. Nc3 Nc6 3. Nf3 d6 4. d4 cxd4 5. Nxd4 Nf6 6. g3 g6 7. Bg2 Qb6 8.
Nde2 Bg7 9. O-O O-O 10. h3 a6 11. a4 Rd8 12. Be3 Qc7 13. f4 e6 14. Qe1 Rb8 15.
g4 Nb4 16. Rc1 d5 17. e5 Nd7 18. Nd4 Nc6 19. Nf3 b5 20. axb5 axb5 21. Ra1 b4
22. Ne2 Nb6 23. b3 Bb7 24. Qf2 Nd7 25. Ned4 Nxd4 26. Nxd4 Bf8 27. h4 Nc5 28. f5
Ne4 29. Bxe4 dxe4 30. fxe6 Bd5 31. exf7+ Qxf7 32. Qxf7+ Bxf7 33. Nc6 Rbc8 34.
Nxd8 Rxd8 35. Ra6 Rc8 36. Raf6 Bd5 37. Rxf8+ Rxf8 38. Rxf8+ Kxf8 39. Bc5+ Kf7
40. Bxb4 Ke6 41. c4 Bc6 42. Bc3 Ke7 43. Kf2 Bd7 44. g5 Be6 45. Ke3 Bf5 46. Kd4
Kd7 47. Ba5 Kc6 48. b4 Be6 49. Bd8 Kd7 50. Bb6 Kc6 51. Bc5 Bf5 52. b5+ Kd7 53.
Bd6 Kc8 54. c5 Kb7 55. e6 Bxe6 56. Kxe4 Bc4 57. b6 Kc6 58. Ke5 Be2 59. Kf6 Bg4
60. Kg7 Bh5 61. Kxh7 Kb7 62. Kg7 Kc6 63. Kf7 Kb7 64. Ke7 Bg4 65. Bc7 Kc6 66.
Kd8 Bf5 67. Bd6 Bg4 68. h5 gxh5 69. g6 h4 70. g7 Be6 71. Ke7 Bd5 72. Kf8 1-0

[Event "HEM B-Turnier 2017"]
[Site "Marburg"]
[Date "2017.??.??"]
[Round "5.9"]
[White "Weber, Andreas"]
[Black "Hahnenstein, Leon"]
[Result "1/2-1/2"]
[WhiteElo "1793"]
[BlackElo "1189"]
[PlyCount "44"]
[EventDate "2017.??.??"]

1. e4 e5 2. Nf3 Nc6 3. Bb5 a6 4. Bxc6 dxc6 5. O-O Bd6 6. d4 Bg4 7. dxe5 Bxf3 8.
Qxf3 Bxe5 9. Rd1 Qe7 10. Nc3 Nf6 11. Bg5 O-O 12. Bxf6 Bxf6 13. Rd3 Rae8 14. Re1
Qe6 15. b3 Rd8 16. Qe3 Qe5 17. Nd1 Qa5 18. a4 Rxd3 19. cxd3 Rd8 20. Kf1 Qb4 21.
e5 Be7 22. e6 f6 1/2-1/2

[Event "HEM B-Turnier 2017"]
[Site "Marburg"]
[Date "2017.??.??"]
[Round "5.11"]
[White "Meyer, Marcel"]
[Black "Schneider, Kevin"]
[Result "1-0"]
[WhiteElo "1679"]
[BlackElo "1653"]
[PlyCount "67"]
[EventDate "2017.??.??"]

1. Nf3 Nf6 2. d4 e6 3. c4 c5 4. d5 exd5 5. cxd5 d6 6. Nc3 g6 7. e4 Bg7 8. Bd3
O-O 9. h3 a6 10. a4 Re8 11. O-O Nh5 12. Bg5 Qc7 13. Qd2 Nd7 14. Bh6 Bh8 15. Qc2
Rb8 16. Nd2 Ne5 17. Nc4 Nxd3 18. Qxd3 b5 19. axb5 axb5 20. Nxb5 Rxb5 21. Nxd6
Qxd6 22. Qxb5 Bd7 23. Qb7 Be5 24. Ra7 Nf6 25. Rfa1 Qb8 26. Qxb8 Bxb8 27. Rb7
Bd6 28. Raa7 Bb8 29. Rxd7 Nxd7 30. Rxd7 f5 31. d6 fxe4 32. Rg7+ Kh8 33. d7 Rd8
34. Re7 1-0

[Event "HEM B-Turnier 2017"]
[Site "Marburg"]
[Date "2017.??.??"]
[Round "5.12"]
[White "Mauersberger, Uwe"]
[Black "Alonzo, Desi"]
[Result "1-0"]
[WhiteElo "1762"]
[BlackElo "1704"]
[PlyCount "100"]
[EventDate "2017.??.??"]

1. e4 c6 2. d4 d5 3. f3 Nd7 4. Bd3 e5 5. Ne2 Qh4+ 6. g3 Qf6 7. O-O exd4 8. exd5
c5 9. c3 Bd6 10. cxd4 cxd4 11. Bb5 Bc5 12. Kg2 Ne7 13. Qc2 Qb6 14. Bc4 O-O 15.
Bg5 Ne5 16. Bxe7 Bxe7 17. Nd2 Bd7 18. b3 Rac8 19. Qe4 Nxc4 20. bxc4 Bf6 21.
Rab1 Rfe8 22. Rxb6 Rxe4 23. Nxe4 axb6 24. Nxf6+ gxf6 25. Rc1 d3 26. Nf4 Bf5 27.
Kf2 Ra8 28. Ra1 Rc8 29. g4 Rxc4 30. Ke3 d2 31. Rd1 Rc3+ 32. Ke2 Rc4 33. Nh5 Bc8
34. Rxd2 Kf8 35. Nxf6 Ke7 36. Nxh7 Kd6 37. Ng5 f5 38. Nf7+ Ke7 39. Ne5 Ra4 40.
d6+ Ke6 41. d7 Bxd7 42. Nxd7 Ra5 43. g5 Kf7 44. Kf2 f4 45. h4 Ra8 46. Kg2 Ra3
47. Ne5+ Ke6 48. Nc4 Rc3 49. Nxb6 Rc7 50. Kh3 Rc1 1-0

[Event "HEM B-Turnier 2017"]
[Site "Marburg"]
[Date "2017.??.??"]
[Round "5.13"]
[White "Tornay, Haizea"]
[Black "Klein, Simon"]
[Result "1-0"]
[WhiteElo "1284"]
[BlackElo "1371"]
[PlyCount "73"]
[EventDate "2017.??.??"]

1. e4 Nf6 2. Nc3 e5 3. Nf3 Nc6 4. Bc4 Bc5 5. d3 d6 6. h3 O-O 7. Bg5 Be6 8. Bxe6
fxe6 9. O-O d5 10. exd5 exd5 11. Re1 Re8 12. Bxf6 gxf6 13. Na4 Bd6 14. d4 e4
15. Nh2 Kh8 16. b3 Ne7 17. c4 c6 18. cxd5 cxd5 19. Qh5 Rg8 20. Nc5 Qb8 21. Ng4
Rg5 22. Qf7 Qg8 23. Qxf6+ Qg7 24. Qxd6 Nf5 25. Qe5 Rg8 26. Ne6 Qxe5 27. dxe5
R5g6 28. Nc5 h5 29. Ne3 Nh4 30. Kf1 d4 31. Nc4 Nxg2 32. Rxe4 Ne3+ 33. Ke2 Nf5
34. Nxb7 Rg2 35. Rf4 Ng3+ 36. Kd3 Rg7 37. Nbd6 1-0

[Event "HEM B-Turnier 2017"]
[Site "Marburg"]
[Date "2017.??.??"]
[Round "5.14"]
[White "Huebner, Kai"]
[Black "Raghavan, Badrinarayanan"]
[Result "0-1"]
[WhiteElo "1658"]
[BlackElo "1320"]
[PlyCount "72"]
[EventDate "2017.??.??"]

1. d4 e5 2. dxe5 Nc6 3. Nf3 Qe7 4. Nc3 Nxe5 5. e4 g6 6. Bf4 d6 7. Be2 Bg7 8.
Qd2 Be6 9. Nxe5 dxe5 10. Be3 Rd8 11. Bd3 a6 12. O-O Nf6 13. Na4 Nxe4 14. Qe2
Nd6 15. Nc5 Bd5 16. c3 O-O 17. Qc2 Qh4 18. f3 Bc4 19. Bf2 Bxd3 20. Nxd3 Qc4 21.
b3 Qc6 22. Nb4 Qe8 23. Rfe1 c5 24. Bxc5 Qb5 25. Bxd6 Rxd6 26. a4 Qc5+ 27. Kh1
Rfd8 28. Re2 e4 29. Rae1 Qxc3 30. Qxe4 Re6 31. Na2 Qxb3 32. Qh4 Rxe2 33. Rxe2
Rd1+ 34. Re1 Rxe1+ 35. Qxe1 Qxa2 36. Qd1 b5 0-1

[Event "HEM B-Turnier 2017"]
[Site "Marburg"]
[Date "2017.??.??"]
[Round "5.15"]
[White "Poschadel, Andreas Gregor"]
[Black "Tornay, Aritz"]
[Result "1/2-1/2"]
[WhiteElo "1451"]
[BlackElo "1206"]
[PlyCount "71"]
[EventDate "2017.??.??"]

1. e4 c5 2. Nc3 g6 3. f4 Bg7 4. Nf3 e6 5. g3 Ne7 6. Bg2 O-O 7. O-O Nbc6 8. d3
Re8 9. Nb5 d5 10. e5 a6 11. Nd6 Rf8 12. Nxc8 Nxc8 13. Be3 b6 14. c4 N8e7 15.
Qa4 d4 16. Bd2 b5 17. cxb5 axb5 18. Qxb5 Rb8 19. Qxc5 Rxb2 20. Rfb1 Rxb1+ 21.
Rxb1 Qd5 22. Qxd5 Nxd5 23. a3 Ra8 24. Rc1 Nce7 25. Bb4 Nf5 26. Rc4 Nxb4 27.
axb4 Ra1+ 28. Kf2 Ra2+ 29. Kg1 Ra1+ 30. Kf2 Ra2+ 31. Kg1 Ra1+ 32. Kf2 Ra2+ 33.
Kg1 Ra1+ 34. Kf2 Ra2+ 35. Kg1 Ra1+ 36. Kf2 1/2-1/2

[Event "HEM B-Turnier 2017"]
[Site "Marburg"]
[Date "2017.??.??"]
[Round "6.1"]
[White "John, Volkmar"]
[Black "Hettler, Wolfgang"]
[Result "1/2-1/2"]
[WhiteElo "1818"]
[BlackElo "2060"]
[PlyCount "52"]
[EventDate "2017.??.??"]

1. c4 c5 2. Nc3 Nc6 3. g3 Nf6 4. Bg2 g6 5. e4 Bg7 6. Nge2 d6 7. O-O Be6 8. d3
O-O 9. h3 Ne8 10. b3 Qc8 11. Kh2 Rb8 12. Be3 a6 13. Rc1 Bd7 14. Qd2 Qd8 15. Bh6
b5 16. Bxg7 Kxg7 17. f4 b4 18. Nd5 e6 19. Qb2+ f6 20. Ne3 Nc7 21. d4 Qe7 22. d5
exd5 23. Nxd5 Nxd5 24. exd5 Na7 25. Rce1 Qf7 26. Ng1 Rbe8 1/2-1/2

[Event "HEM B-Turnier 2017"]
[Site "Marburg"]
[Date "2017.??.??"]
[Round "6.2"]
[White "Ullmann, Ralf"]
[Black "Blaschke, Henri Johannes"]
[Result "1/2-1/2"]
[WhiteElo "1906"]
[BlackElo "1777"]
[PlyCount "50"]
[EventDate "2017.??.??"]

1. e4 e6 2. d4 d5 3. e5 c5 4. c3 Bd7 5. Be3 Nc6 6. Nf3 cxd4 7. cxd4 Nge7 8. Nc3
Nf5 9. Qd2 Be7 10. Rc1 Rc8 11. Bd3 Qa5 12. O-O a6 13. Kh1 h6 14. g4 Nh4 15.
Nxh4 Bxh4 16. f4 Kd8 17. f5 Rc7 18. a3 Kc8 19. b4 Qxa3 20. b5 Nb4 21. Be2 a5
22. b6 Rc6 23. Bb5 Bg5 24. Bxc6 Nxc6 25. Bxg5 hxg5 1/2-1/2

[Event "HEM B-Turnier 2017"]
[Site "Marburg"]
[Date "2017.??.??"]
[Round "6.3"]
[White "Varma, Christopher"]
[Black "Zalewski, Ulrich"]
[Result "1/2-1/2"]
[WhiteElo "1807"]
[BlackElo "1815"]
[PlyCount "69"]
[EventDate "2017.??.??"]

1. e4 e5 2. Nf3 Nf6 3. Nc3 Nc6 4. g3 Be7 5. Bg2 d6 6. h3 O-O 7. O-O Bd7 8. d4
exd4 9. Nxd4 Qc8 10. Kh2 Re8 11. Bg5 h6 12. Be3 Bf8 13. Qd2 Ne5 14. b3 Nh7 15.
f4 Ng6 16. Rae1 f6 17. Re2 c6 18. a4 a5 19. Qd3 Ne7 20. Bc1 Qc7 21. Rfe1 Rad8
22. Ba3 Nc8 23. Bf3 Be7 24. Bh5 Rf8 25. Qc4+ Kh8 26. Nf5 Be8 27. Bf3 Bf7 28.
Qd3 Rfe8 29. Bb2 Bf8 30. Nd1 d5 31. e5 Bg6 32. exf6 Rxe2+ 33. Rxe2 gxf6 34. Bc1
Nd6 35. g4 1/2-1/2

[Event "HEM B-Turnier 2017"]
[Site "Marburg"]
[Date "2017.??.??"]
[Round "6.4"]
[White "Pade, Joachim"]
[Black "Pleyer, Christian"]
[Result "0-1"]
[WhiteElo "1628"]
[BlackElo "1733"]
[PlyCount "62"]
[EventDate "2017.??.??"]

1. e4 Nf6 2. e5 Nd5 3. c4 Nb6 4. a4 a5 5. d4 d6 6. exd6 cxd6 7. Be3 Nc6 8. Nf3
Bg4 9. Nbd2 g6 10. h3 Bxf3 11. Nxf3 Bg7 12. Be2 O-O 13. O-O Nd7 14. Rc1 e5 15.
b3 e4 16. Ng5 Qe7 17. Qc2 Rae8 18. h4 h6 19. Nh3 Qxh4 20. Qd2 Kh7 21. Ng5+ hxg5
22. Bxg5 Bh6 23. Bxh4 Bxd2 24. Rcd1 e3 25. fxe3 Bxe3+ 26. Kh2 Bxd4 27. Bf3 Nde5
28. Bd5 f5 29. Bg5 Kg7 30. g3 Ng4+ 31. Kg2 Re2+ 0-1

[Event "HEM B-Turnier 2017"]
[Site "Marburg"]
[Date "2017.??.??"]
[Round "6.5"]
[White "Weber, Simon"]
[Black "Hafensteiner, Tim"]
[Result "1/2-1/2"]
[WhiteElo "1853"]
[BlackElo "1822"]
[PlyCount "98"]
[EventDate "2017.??.??"]

1. c4 e5 2. g3 Nc6 3. Bg2 f5 4. Nc3 Nf6 5. d3 Bb4 6. Bd2 O-O 7. e3 d6 8. Nge2
Qe8 9. O-O Kh8 10. Nd5 Bxd2 11. Qxd2 Qf7 12. b4 e4 13. Nec3 exd3 14. Qxd3 Ne5
15. Qe2 Be6 16. f4 Ned7 17. Rfd1 c6 18. Nxf6 Bxc4 19. Qd2 Nxf6 20. Qxd6 Rfe8
21. Qd4 Qe6 22. e4 fxe4 23. f5 Qf7 24. Nxe4 Nxe4 25. Bxe4 Bxa2 26. Qd7 Rxe4 27.
Qxf7 Bxf7 28. Rd7 Rxb4 29. Rxf7 Kg8 30. Rc7 a5 31. Rd1 Re8 32. Rdd7 Rg4 33.
Rxb7 h5 34. Ra7 a4 35. Kg2 Rf8 36. h3 Rg5 37. Rxa4 Rgxf5 38. h4 Rf2+ 39. Kh3
R8f7 40. Rd8+ Rf8 41. Rd7 R8f7 42. Rd8+ Rf8 43. Rd7 R2f7 44. Rxf7 Rxf7 45. Ra5
g6 46. Rc5 Rc7 47. g4 hxg4+ 48. Kxg4 Kf7 49. Kg5 Kg7 1/2-1/2

[Event "HEM B-Turnier 2017"]
[Site "Marburg"]
[Date "2017.??.??"]
[Round "6.6"]
[White "Armbrust, Matthias"]
[Black "Meyer, Marcel"]
[Result "1/2-1/2"]
[WhiteElo "1791"]
[BlackElo "1679"]
[PlyCount "52"]
[EventDate "2017.??.??"]

1. e4 c6 2. d4 d5 3. e5 Bf5 4. g4 Be4 5. f3 Bg6 6. h4 h5 7. e6 fxe6 8. Bd3 Bxd3
9. Qxd3 Qd6 10. Qg6+ Kd7 11. Ne2 hxg4 12. fxg4 Na6 13. c3 e5 14. Qf5+ e6 15.
Qf7+ Qe7 16. Qf2 exd4 17. cxd4 Nf6 18. Qf3 Ne4 19. g5 Qb4+ 20. Nbc3 Be7 21. Qg4
Raf8 22. Rf1 Rxf1+ 23. Kxf1 Rf8+ 24. Kg1 Nf2 25. Qg2 Nd3 26. Be3 Bd6 1/2-1/2

[Event "HEM B-Turnier 2017"]
[Site "Marburg"]
[Date "2017.??.??"]
[Round "6.7"]
[White "Martens, Nick"]
[Black "Schneider, Udo"]
[Result "1/2-1/2"]
[WhiteElo "1690"]
[BlackElo "1749"]
[PlyCount "59"]
[EventDate "2017.??.??"]

1. f4 d5 2. Nf3 Nf6 3. e3 g6 4. Nc3 Bg7 5. d4 O-O 6. Bd3 b6 7. h3 Ba6 8. Qe2
Bxd3 9. Qxd3 c5 10. b3 cxd4 11. exd4 Nc6 12. a3 Rc8 13. Kf2 e6 14. Re1 Na5 15.
Bd2 Nc6 16. Ne5 Nxe5 17. fxe5 Nh5 18. g4 f6 19. gxh5 fxe5+ 20. Kg2 Qh4 21. dxe5
Qxh5 22. Qg3 d4 23. Ne4 Rxc2 24. Qg4 Qxe5 25. Rac1 Rfc8 26. Rxc2 Rxc2 27. Qd1
d3 28. Kh1 Qd5 29. b4 Be5 30. Qf3 1/2-1/2

[Event "HEM B-Turnier 2017"]
[Site "Marburg"]
[Date "2017.??.??"]
[Round "6.8"]
[White "Bastian, Ben"]
[Black "Weber, Andreas"]
[Result "0-1"]
[WhiteElo "1674"]
[BlackElo "1793"]
[PlyCount "50"]
[EventDate "2017.??.??"]

1. d4 Nf6 2. Bg5 e6 3. c4 Be7 4. Nc3 d5 5. e3 O-O 6. Nf3 h6 7. Bh4 c5 8. cxd5
exd5 9. dxc5 Be6 10. Rc1 Qa5 11. a3 Qxc5 12. Bxf6 Bxf6 13. Ne4 Qa5+ 14. Nc3 Nc6
15. Be2 Rad8 16. O-O Rfe8 17. Na4 d4 18. b4 Qf5 19. Bd3 Qh5 20. Rc5 Rd5 21.
exd4 Nxd4 22. Nxd4 Qxd1 23. Rxd1 Rxd4 24. Be2 Rxd1+ 25. Bxd1 Bb3 0-1

[Event "HEM B-Turnier 2017"]
[Site "Marburg"]
[Date "2017.??.??"]
[Round "6.9"]
[White "Weber, Guenter"]
[Black "Mauersberger, Uwe"]
[Result "1-0"]
[WhiteElo "1777"]
[BlackElo "1762"]
[PlyCount "71"]
[EventDate "2017.??.??"]

1. d4 Nf6 2. c4 e6 3. Nf3 d5 4. Nc3 Bb4 5. Bd2 O-O 6. cxd5 exd5 7. Bg5 c6 8. e3
Qa5 9. Bxf6 Bxc3+ 10. bxc3 Qxc3+ 11. Nd2 gxf6 12. Be2 Bf5 13. O-O Kh8 14. Nf3
Rg8 15. a4 Nd7 16. Rc1 Qb4 17. Nh4 Be6 18. Rb1 Qd6 19. Rxb7 Rg7 20. f4 Nb6 21.
a5 Bc8 22. axb6 Bxb7 23. Nf5 Qe6 24. Nxg7 Qxe3+ 25. Kh1 Kxg7 26. Rf3 Qe6 27.
bxa7 Rxa7 28. h3 Kh8 29. Qd3 Ra1+ 30. Kh2 Ba6 31. Qb3 Bc8 32. Re3 Qf5 33. Re8+
Kg7 34. Qg3+ Kh6 35. Rg8 Qg6 36. Qh4+ 1-0

[Event "HEM B-Turnier 2017"]
[Site "Marburg"]
[Date "2017.??.??"]
[Round "6.10"]
[White "Hahnenstein, Leon"]
[Black "Tornay, Haizea"]
[Result "1/2-1/2"]
[WhiteElo "1189"]
[BlackElo "1284"]
[PlyCount "138"]
[EventDate "2017.??.??"]

1. e4 c6 2. d4 d5 3. Nc3 dxe4 4. Nxe4 Bf5 5. f3 e6 6. Be3 Nf6 7. Ng3 Bg6 8. Bc4
Nbd7 9. N1e2 c5 10. c3 cxd4 11. Bxd4 e5 12. Be3 Bc5 13. Bxc5 Nxc5 14. O-O O-O
15. Kh1 Rc8 16. Bb3 Qb6 17. Nc1 Rfd8 18. Qe2 Qd6 19. Rd1 Qe7 20. Bc2 Rxd1+ 21.
Bxd1 Rd8 22. Bc2 Qd7 23. Nb3 Bxc2 24. Qxc2 Nd3 25. Ne2 Nh5 26. g3 Qd5 27. Rf1
e4 28. Ned4 Rc8 29. Qe2 Re8 30. Rd1 g6 31. Rxd3 Nf6 32. Re3 Kg7 33. a3 exf3 34.
Nxf3 Rxe3 35. Qxe3 Qxb3 36. Qe2 Qd5 37. Kg1 Qc6 38. Nd4 Qe4 39. Qf2 Ng4 40. Qg2
Qxg2+ 41. Kxg2 Ne3+ 42. Kf3 Nc4 43. Nb5 a6 44. b3 Nd2+ 45. Ke3 Nxb3 46. Nd6 Na5
47. c4 Kf6 48. Ke4 Ke6 49. c5 f5+ 50. Kd4 Nc6+ 51. Kc4 b5+ 52. Nxb5 axb5+ 53.
Kxb5 Kd7 54. Kc4 Ne7 55. a4 Kc6 56. Kd4 Nd5 57. a5 Nb4 58. Ke5 Nd5 59. a6 Kxc5
60. a7 Nc7 61. Kf6 Kd6 62. Kg7 Ke7 63. Kxh7 Kf6 64. Kh6 g5 65. Kh5 f4 66. Kg4
Ke5 67. Kf3 fxg3 68. Kxg3 Kf5 69. h3 Na8 1/2-1/2

[Event "HEM B-Turnier 2017"]
[Site "Marburg"]
[Date "2017.??.??"]
[Round "6.11"]
[White "Robinson, Jack"]
[Black "Wagner, Thomas"]
[Result "1-0"]
[WhiteElo "1638"]
[BlackElo "1891"]
[PlyCount "53"]
[EventDate "2017.??.??"]

1. d4 Nf6 2. c4 e6 3. Nf3 d5 4. g3 c6 5. Bg2 Be7 6. O-O O-O 7. Qc2 Nbd7 8. Nbd2
Re8 9. b3 Rb8 10. a4 Bb4 11. Rd1 a5 12. e4 dxe4 13. Nxe4 Nxe4 14. Qxe4 Nf6 15.
Qc2 Bd7 16. c5 Nd5 17. Ng5 g6 18. Ne4 Kg7 19. h4 e5 20. Nd6 exd4 21. Nxe8+ Qxe8
22. Bxd5 cxd5 23. Bf4 Bf5 24. Qc1 Rc8 25. Rxd4 Rxc5 26. Bh6+ Kg8 27. Qg5 1-0

[Event "HEM B-Turnier 2017"]
[Site "Marburg"]
[Date "2017.??.??"]
[Round "6.13"]
[White "Alonzo, Desi"]
[Black "Raghavan, Badrinarayanan"]
[Result "1-0"]
[WhiteElo "1704"]
[BlackElo "1320"]
[PlyCount "65"]
[EventDate "2017.??.??"]

1. Nf3 Nc6 2. c4 e5 3. Nc3 g6 4. e4 Nf6 5. d4 exd4 6. Nxd4 Ne5 7. Be2 Bg7 8. f4
Nc6 9. Nxc6 bxc6 10. e5 Ng8 11. O-O d6 12. Bf3 Ne7 13. Qa4 Bb7 14. Nd5 O-O 15.
Nf6+ Kh8 16. Rd1 d5 17. Be3 Nf5 18. Bc5 Bxf6 19. Bxf8 Qxf8 20. exf6 Qd6 21. Qb3
Ba6 22. cxd5 Qxf6 23. Qc3 Qxc3 24. bxc3 Ne3 25. Rd2 Rd8 26. Re1 Nf5 27. g4 Nh4
28. Bh1 Rd7 29. Rd4 Bb5 30. a4 c5 31. Rde4 f5 32. Re8+ Kg7 33. axb5 1-0

[Event "HEM B-Turnier 2017"]
[Site "Marburg"]
[Date "2017.??.??"]
[Round "6.14"]
[White "Schoenau, Tom"]
[Black "Poschadel, Andreas Gregor"]
[Result "0-1"]
[WhiteElo "867"]
[BlackElo "1451"]
[PlyCount "92"]
[EventDate "2017.??.??"]

1. e4 e5 2. Nf3 Nc6 3. Bc4 Bc5 4. c3 Nf6 5. d3 h6 6. Be3 Bb6 7. Nbd2 O-O 8. O-O
d6 9. d4 Bg4 10. Qc2 a6 11. Rfe1 Re8 12. h3 Bh5 13. Bd3 Qd7 14. Rac1 exd4 15.
cxd4 Bxf3 16. Nxf3 Nb4 17. Qb3 Nxd3 18. Qxd3 Nxe4 19. Bxh6 Nxf2 20. Kxf2 gxh6
21. Re3 Ba5 22. Nh4 Re6 23. Kg1 Rae8 24. Rxe6 Qxe6 25. d5 Qf6 26. b3 Qxh4 27.
Qf1 Re1 28. Rxe1 Qxe1 29. Qxe1 Bxe1 30. Kf1 Bb4 31. Kf2 c6 32. dxc6 bxc6 33.
Ke3 Bc5+ 34. Kd3 d5 35. Kc3 a5 36. g3 Bf2 37. g4 Kg7 38. b4 Be1+ 39. Kb3 Bxb4
40. a3 Be1 41. a4 Kg6 42. Kc2 Kg5 43. Kd1 Bb4 44. Ke2 Kh4 45. Kf3 Kxh3 46. Kf4
d4 0-1

[Event "HEM B-Turnier 2017"]
[Site "Marburg"]
[Date "2017.??.??"]
[Round "6.15"]
[White "Klein, Simon"]
[Black "Huebner, Kai"]
[Result "0-1"]
[WhiteElo "1371"]
[BlackElo "1658"]
[PlyCount "72"]
[EventDate "2017.??.??"]

1. e4 d6 2. d4 Nd7 3. Nf3 Ngf6 4. e5 dxe5 5. dxe5 Ng4 6. e6 fxe6 7. Bc4 Nb6 8.
Qxd8+ Kxd8 9. Bb3 g6 10. O-O Bg7 11. Nc3 c6 12. Bf4 Nd5 13. Rad1 Ke8 14. h3
Nxf4 15. hxg4 Nd5 16. Rfe1 Nxc3 17. bxc3 Bxc3 18. Re3 Bb4 19. c3 Bd6 20. Rde1
a5 21. Bxe6 Bxe6 22. Rxe6 Kd7 23. Nd2 b5 24. R6e2 Rhe8 25. Ne4 c5 26. Rd1 Kc6
27. Red2 Rad8 28. Rd5 c4 29. R1d4 Bc7 30. Rc5+ Kb6 31. Rdd5 Rxd5 32. Rxd5 Rd8
33. Rc5 Bd6 34. Rd5 Kc6 35. Rd2 Bc7 36. Rb2 Rd1# 0-1

[Event "HEM B-Turnier 2017"]
[Site "Marburg"]
[Date "2017.??.??"]
[Round "7.1"]
[White "Hettler, Wolfgang"]
[Black "Pleyer, Christian"]
[Result "1/2-1/2"]
[WhiteElo "2060"]
[BlackElo "1733"]
[PlyCount "51"]
[EventDate "2017.??.??"]

1. d4 Nf6 2. c4 e6 3. Nf3 d5 4. e3 Be7 5. Nc3 O-O 6. Bd3 b6 7. O-O Bb7 8. b3
Nbd7 9. cxd5 Nxd5 10. Nxd5 Bxd5 11. e4 Bb7 12. Bb2 c5 13. Qe2 cxd4 14. Bxd4 Bf6
15. Rfd1 Bxd4 16. Nxd4 Nc5 17. Bc2 Qf6 18. b4 Rad8 19. Qe3 e5 20. Nb5 Ne6 21.
Nxa7 Nd4 22. Bd3 Qe6 23. Nb5 Nxb5 24. Bxb5 Rxd1+ 25. Rxd1 Qxa2 26. h3 1/2-1/2

[Event "HEM B-Turnier 2017"]
[Site "Marburg"]
[Date "2017.??.??"]
[Round "7.2"]
[White "Ullmann, Ralf"]
[Black "John, Volkmar"]
[Result "1-0"]
[WhiteElo "1906"]
[BlackElo "1818"]
[PlyCount "49"]
[EventDate "2017.??.??"]

1. e4 c5 2. Nc3 Nc6 3. f4 g6 4. Nf3 d6 5. Bb5 Bd7 6. Bc4 Bg7 7. O-O e6 8. d3 a6
9. a3 b5 10. Ba2 Nge7 11. Qe1 Nd4 12. Nxd4 Bxd4+ 13. Kh1 O-O 14. Ne2 Bg7 15.
Ng1 Nc6 16. c3 Qe7 17. Nf3 Kh8 18. Qg3 e5 19. Bd2 f5 20. Nh4 fxe4 21. dxe4 exf4
22. Rxf4 Be5 23. Nxg6+ hxg6 24. Rh4+ Kg7 25. Bh6+ 1-0

[Event "HEM B-Turnier 2017"]
[Site "Marburg"]
[Date "2017.??.??"]
[Round "7.3"]
[White "Varma, Christopher"]
[Black "Weber, Simon"]
[Result "1/2-1/2"]
[WhiteElo "1807"]
[BlackElo "1853"]
[PlyCount "41"]
[EventDate "2017.??.??"]

1. e4 d5 2. exd5 Qxd5 3. Nc3 Qd8 4. d4 Nf6 5. Nf3 Bg4 6. h3 Bxf3 7. Qxf3 c6 8.
Be3 e6 9. O-O-O Bb4 10. Ne4 Nxe4 11. Qxe4 Qd5 12. Qxd5 cxd5 13. g4 Nd7 14. Bd3
Bd6 15. f4 O-O-O 16. f5 Rde8 17. Rde1 Kc7 18. Bf2 Bf4+ 19. Kd1 a6 20. Re2 e5
21. dxe5 1/2-1/2